| 000 | 00445nam a22001697a 4500 | ||
|---|---|---|---|
| 003 | OSt | ||
| 005 | 20211104100515.0 | ||
| 008 | 211104b |||||||| |||| 00| 0 eng d | ||
| 020 | _a0 11 240474 X | ||
| 040 | _cHAWASSA UNIVERSITY | ||
| 050 |
_a636.5/BOL _b3 |
||
| 082 |
_a636.5/BOL _b3 |
||
| 100 |
_aBOLTON W. _qBOLTON W. _916884 |
||
| 245 | _aPOLTRY NUTRITION | ||
| 260 |
_aLONDON _bTHE MAJESTY'S STATIONERY OFFICE _c1974 |
||
| 942 |
_2ddc _cBOOKS _n0 |
||
| 999 |
_c16662 _d16662 |
||